000
00263nam a2200109Ia 4500
008
200302s9999 xx 000 0 und d
100
_a
Andreas Papadakis
245
_a
Architectural Design A House for Today
260
_b
Publisher
260
_c
1986
300
_a
80 P.,
999
_c
774
_d
774